Dramatúrgia quebequesa contemporània /
ISBN:
9788418022685
Descripción Física:
297 pàgines ; 22 cm
Colección:
Dramaticles. Antologies dramàtiques
; 8
Otros Autores:
Ràfols, Elisabet
,
Tornero, Helena, 1973-
,
Arribas, Albert (Arribas Queralt)
,
Bramon, Pere
,
Fauteux, Sara
,
Bethiaume, Sarah
,
Archambault, François
,
Brullemans, Pascal
,
Graton, Rachel
Idioma:
Catalán , French
MARC
| LEADER | 00000cam a2200000 i 4500 | ||
|---|---|---|---|
| 001 | 25176 | ||
| 003 | Arxiu | ||
| 005 | 20260324180726.0 | ||
| 008 | 210120e202101 spc|||| |||||o0|0 d cat| | ||
| 015 | |a LL2021 |2 bnc | ||
| 017 | |a DL B 22037-2020 |b Biblioteca de Catalunya | ||
| 020 | |a 9788418022685 | ||
| 020 | |a 9788498039511 | ||
| 035 | |a (ES-BaCBU).b74835257 | ||
| 040 | |a ES-BaIT |b cat |e rda |c ES-BaIT |d ES-BaBC | ||
| 041 | 1 | |a cat |h fre | |
| 080 | |a 821.133.1 |x (71)-2 |x "20" |2 2004 | ||
| 080 | |a 840(71)-2"20"(082) | ||
| 245 | 0 | 0 | |a Dramatúrgia quebequesa contemporània / |c Sarah Berthiaume, François Archambault, Pascal Brullemans, Rachel Graton |
| 250 | |a Primera edició | ||
| 264 | 1 | |a Barcelona : |b Institut del Teatre, Diputació de Barcelona : |b Comanegra, |c gener del 2021 | |
| 300 | |a 297 pàgines ; |c 22 cm | ||
| 336 | |a text |b txt |2 rdacontent | ||
| 337 | |a sense mediació |b n |2 rdamedia | ||
| 338 | |a volum |b nc |2 rdacarrier | ||
| 490 | 1 | |a Drama-ticles. Antologies dramàtiques ; |v 8 | |
| 505 | 8 | |a Conté: Pròleg / Sara Fauteux ; traducció Pere Bramon -- Nyotaimori / Sarah Berthiaume ; traducció Elisabeth Ràfols Sagués -- I tu em recordaràs / François Archambault ; traducció Helena Tornero -- Què hem fet / Pascal Brullemans ; traducció Elisabeth Ràfols Sagués -- La Nit del 4 al 5 / Rachel Graton ; traducció Albert Arribas | |
| 700 | 1 | |a Ràfols, Elisabet, |e traductor | |
| 700 | 1 | |a Tornero, Helena, |d 1973- |e traductor | |
| 700 | 1 | |a Arribas, Albert |q (Arribas Queralt), |e traductor | |
| 700 | 1 | 2 | |a Bramon, Pere, |e traductor |9 53386 |
| 700 | 1 | |a Fauteux, Sara, |e escriptor d'un pròleg | |
| 700 | 1 | 2 | |i Contenidor de (expressió): |a Bethiaume, Sarah. |t Nyotaimori. |l Català |
| 700 | 1 | 2 | |i Contenidor de (expressió): |a Archambault, François. |t Tú te souviendras de moi. |l Català |
| 700 | 1 | 2 | |i Contenidor de (expressió): |a Brullemans, Pascal. |t Ce que nous avons fait. |l Català |
| 700 | 1 | 2 | |i Contenidor de (expressió): |a Graton, Rachel. |t Nuit du 4 au 5. |l Català |
| 710 | 2 | |a Institut del Teatre (Barcelona, Catalunya), |e entitat editora |9 52662 | |
| 740 | 0 | |a Nyotaimori | |
| 740 | 0 | |a I tu em recordaràs | |
| 740 | 0 | |a Què hem fet | |
| 740 | 0 | |a Nit del 4 al 5 | |
| 830 | 0 | |a Dramaticles. |p Antologies dramàtiques ; |v 8 |9 53717 | |
| 907 | |a .b74835257 |b 02-06-21 |c 19-01-21 |d 20-01-21 |e m |f a |g - |h cat |i spc |j 0 |k 0 | ||
| 908 | |a CDMAE |a BC | ||
| 940 | |a CDMAE | ||
| 942 | |2 udc |c ARXIU |n 1 | ||
| 952 | |0 0 |1 0 |4 0 |6 BIB448 |7 1 |9 61021 |a Arxiu |b Arxiu |d 2022-02-22 |l 0 |o Bib-448 |p 25176 |r 2022-02-22 00:00:00 |w 2022-02-22 |y ARXIU | ||
| 999 | |c 81145 |d 81145 | ||